| 000 | 01197nam a2200277 a 4500 | ||
|---|---|---|---|
| 001 | 000000471 | ||
| 005 | 20200929145340.0 | ||
| 008 | 081122s2007 dr ac 000 0 spa d | ||
| 020 | _a9945852272 | ||
| 020 | _a9789945852271 | ||
| 040 |
_aDO-SdBNP _bspa _cBNPHU |
||
| 082 |
_a633.84 _bA577p |
||
| 100 | 1 |
_aAndújar, Feliciano _91552 |
|
| 245 | 1 | 0 |
_aProducción de plántulas sanas de pimienta (piper nigrum L.) a partir de esquejes de plantas madres cultivadas en macetas / _cFeliciano Andújar, César Tejada, Juan Moya. |
| 260 |
_aSanto Domingo : _bIDIAF, _c2007. |
||
| 300 |
_a24 p. : _bil., retrs. ; _c23 cm. |
||
| 490 | 1 |
_aTécnica _v1 |
|
| 490 | 1 | _aProducción de materiales de siembra | |
| 505 | 0 | _aIntroducción -- Proceso de producción -- Preparación y manejo de plántulas para la siembra en el campo -- Consideraciones finales -- Agradecimientos -- Bibliografías. | |
| 650 | 4 |
_aPimienta _xCultivo _zRepública Dominicana _91553 |
|
| 700 | 1 |
_aTejada, César _91554 |
|
| 700 | 1 |
_aMoya, Juan de Dios _91555 |
|
| 710 | 2 |
_aInstituto Dominicano de Investigaciones Agropecuárias y Florestales _91556 |
|
| 830 | 0 |
_aTécnica _v1 _91557 |
|
| 830 | 0 |
_aProducción de materiales de siembra _91558 |
|
| 999 |
_c469 _d469 |
||